Local plans: procedures and interpretation (Record no. 88523)

MARC details
000 -LEADER
fixed length control field 00604cam a2200229 4500
001 - CONTROL NUMBER
control field D15647
008 - FIXED-LENGTH DATA ELEMENTS--GENERAL INFORMATION
fixed length control field 090401t1981 xxu||||| |||| 00| 0 eng d
035 ## - SYSTEM CONTROL NUMBER
System control number (Sirsi) u24310
041 ## - LANGUAGE CODE
Language code of text/sound track or separate title eng
050 ## - LIBRARY OF CONGRESS CALL NUMBER
Classification number 711.4
090 ## - LOCALLY ASSIGNED LC-TYPE CALL NUMBER (OCLC); LOCAL CALL NUMBER (RLIN)
Classification number (OCLC) (R) ; Classification number, CALL (RLIN) (NR) RICS 1981/20ABC
110 ## - MAIN ENTRY--CORPORATE NAME
Corporate name or jurisdiction name as entry element Royal Institution of Chartered Surveyors
9 (RLIN) 4900
245 ## - TITLE STATEMENT
Title Local plans: procedures and interpretation
260 ## - PUBLICATION, DISTRIBUTION, ETC.
Name of publisher, distributor, etc. RICS
Date of publication, distribution, etc. 1981
300 ## - PHYSICAL DESCRIPTION
Extent 12p. 30cm
350 ## - PRICE (NR) (BK AM CF MU VM SE) [OBSOLETE]
Price 2
490 ## - SERIES STATEMENT
Series statement Practice Note
Volume/sequential designation 8
520 ## - SUMMARY, ETC.
Summary, etc. Filed in box RICS 1981/20 ABC
710 ## - ADDED ENTRY--CORPORATE NAME
Corporate name or jurisdiction name as entry element Planning and Develoment Division
9 (RLIN) 1166
942 ## - ADDED ENTRY ELEMENTS (KOHA)
Suppress in OPAC 0
948 ## - LOCAL PROCESSING INFORMATION (OCLC); SERIES PART DESIGNATOR (RLIN)
c (OCLC) 04/03/1997
Holdings
Withdrawn status Lost status Source of classification or shelving scheme Damaged status Not for loan Home library Current library Shelving location Date acquired Cost, normal purchase price Total Checkouts Full call number Barcode Date last seen Copy number Cost, replacement price Price effective from Koha item type
    Dewey Decimal Classification     Historic collection Historic collection RICS Boxes 22/08/1991 2.00   RICS 1981/20 30027815 06/08/2019 1 2.00 06/08/2019 Archive
    Dewey Decimal Classification     London London RICS Boxes 14/09/1999 2.00   RICS 1981/20 30005304 06/08/2019 1 2.00 06/08/2019 Reference material
    Dewey Decimal Classification     London London RICS Boxes 09/08/1991 2.00   RICS 1981/20 30005306 06/08/2019 2 2.00 06/08/2019 Book